000 00472nam a2200169 a 4500
005 20210219160446.0
008 081108s2000 mx r 000 0 spa d
020 _a9264191011
035 _aUPN01000165867
049 _aUNE
080 _aOC 338 (100) =20 "2001" OEC No.70.
245 0 0 _aOECD economic outlook, Vol. 70-2001.
260 _aParis: OECD, 2001.
300 _axi, 265 p.; 28 cm. il., retrs., fot.
690 _aCondiciones económicas
905 _aUNESCO
999 _c137979
_d137979